Castles of the Vale - A Song Of Ice And Fire - Statistics

General Stats
  • This quiz has been taken 75 times
    67 since last reset
  • The average score is 8 of 14
Answer Stats
Noble house Seat % Correct
Arryn The Eyrie
100%
Redfort Redfort
97%
Baelish The Fingers
97%
Royce Runestone
84%
Grafton Gulltown
62%
Corbray Heart's Home
62%
Waynwood Ironoaks
57%
Hunter Longbow Hall
49%
Tollett Grey Glen
43%
Templeton Ninestars
41%
Sunderland Sisterton
41%
Belmore Strongsong
41%
Hersy Newkeep
30%
Melcolm Old Anchor
30%
No matching quizzes found
Score Distribution
Percent of People with Each Score
Percentile by Number Answered
Your Score History
You have not taken this quiz since the last reset